00691nam a2200181 a 4500008004100000020001500041050001800056100002400074245004300098246004700141260002300188350000900211700002400220700002000244995010200264999001700366952012600383120416s0000 ||||||||||||||||| || u a0889367922 aRA 644.M2 Net aCattani, Jacqueline10aNet gaincedited by Christian Lengeler aa new method for preventing malaria deaths aOttawabIDRCc1996 a0.00 aLengeler, Christian aDe Savigny, Don D0.00FCBU-MAIN LIBRARY (Kitwe)H1I10.95M1UAVAILABLEWApr 10, 2007ZAnnex Low-Usage Collection  c52062d52062 00102lcc4070a001b001cAnnex Low-Usage Collection d2022-11-30l0oRA 644.M2 Netp020247r2022-11-30w2022-11-30y002